000 00812cam a22002654a 4500
001 1213244
003 OSt
005 20221004041010.0
008 990407s2000 miuabf c b 001 0 eng
010 _a 99023395
020 _a0787637327 (set)
020 _a0787637335 (vol. 1)
020 _a0787637343 (vol. 2)
020 _a0787637351 (vol. 3)
040 _aMMU
_cMMU
_dMMU
_beng
050 0 0 _aQH541.14
_b.U18 2000
245 0 0 _aU·X·L encyclopedia of biomes /
_c[editor] Marlene Weigel.
260 _aDetroit :
_bU·X·L,
_cc2000.
300 _a3 v. :
_bill. (some col.), maps ;
_c25 cm.
500 _aIncludes bibliographical references and indexes.
650 0 _aBiotic communities
_vJuvenile literature.
650 1 _aBiotic communities.
700 1 _aWeigel, Marlene.
942 _2lcc
_cLOAN LOAN
999 _c18973
_d18973